00472 2200181 4500001002100000005001800021008004100039035002400080090001100104100001500115245003700130250001100167260003200178300002400210650002600234850001500260999001500275YOGYA-0211000000514720110210114912896 ind  0010-021100000005147 a345.02 aHamzah, A. aPerkembangan hukum pidana khusus aCet. 1 aJakartabRineka Ciptac1991 aix, 263 hlm.;21 cm. aTindak pidana ekonomi aYOPDYOG[B] a97P0094286